| 000 | 00579nam a2200193 a 4500 | ||
|---|---|---|---|
| 005 | 20220812063935.0 | ||
| 008 | 991125s1972 par 000 0 fre u | ||
| 035 | _aUPN01000056873 | ||
| 049 | _aCG | ||
| 050 | 4 |
_aLB1027 _bD4.7 |
|
| 100 | 1 | _aDelaisement, Gerard | |
| 245 | 1 | 0 |
_aTiers-temps et innovation pédagogique / _cGerard Delaisement, Lucien Adjadji. |
| 260 |
_aParís : _bF. Nathan, _c1972. |
||
| 300 | _a155 p. | ||
| 440 | 0 | _aBibliothéque pédagogique Fernand Nathan | |
| 650 | 4 |
_aInnovaciones educativas _9386 |
|
| 700 | 1 |
_aAdjadji, Lucien, _ecoaut. |
|
| 905 | _aLibro | ||
| 999 |
_c56873 _d56873 |
||